[Event "24th Bosnjaci Open 2019"]
[Site "Bosnjaci"]
[Date "2019.01.07"]
[Round "7.10"]
[White "Caric, Mato"]
[Black "Zufic, Miroslav"]
[Result "0-1"]
[WhiteElo "2088"]
[BlackElo "2389"]
[Annotator "TA"]
[PlyCount "94"]
[EventDate "2019.01.03"]
[EventType "swiss"]
[EventCountry "CRO"]
[SourceTitle "playchess.com"]
[Source "ChessBase"]
[SourceQuality "1"]

{[%evp 24,94,27,-62,0,-58,0,0,60,-44,16,8,64,-12,-17,0,0,-112,-100,-133,-127,-148,83,68,82,76,180,168,244,274,250,31,221,64,70,0,0,0,25,36,117,-232,302,169,155,37,31,31,50,68,139,7,7,0,2,0,0,0,-8,-617,-560,-1139,-353,-893,-893,-883,-883,-764,-751,-750,-721,-602,-581]} 1. e4 c5 2. Nf3 d6 3. d4 cxd4 4. Nxd4 Nf6 5. Nc3 a6 6. f3 e5 7. Nb3 Be6 8. Be3 h5 9. Qd2 Nbd7 10. O-O-O Rc8 11. Kb1 Be7 12. h3 {B90: Sicilian Najdorf: Unusual White 6th moves, 6 Be3 Ng4 and 6 Be3 e5} (12. h4 b5 13. Bg5 Qb6 14. Nd5 Nxd5 15. exd5 Bf5 16. Bd3 Bxd3 17. Qxd3 Qd8 18. Be3 Rc4 19. Nd2 Rxh4 20. Rxh4 Bxh4 {1-0 (44) Yu,Y (2751)-Zhou,J (2597) Shenzhen 2017}) 12... b5 13. Qf2 {LiveBook: 3 Games} (13. Bd3 $11) 13... h4 (13... Rxc3 $15 14. bxc3 d5) 14. Bd3 ({White should play} 14. Qe1 $11) 14... Qc7 (14... Rxc3 $15 15. bxc3 d5) 15. f4 $11 b4 (15... O-O $11) 16. Ne2 $146 (16. Nd5 $1 $14 Bxd5 17. exd5) ({Predecessor:} 16. Nd5 Nxd5 17. exd5 Bxd5 18. Bxa6 Ra8 19. Rxd5 Rxa6 {½-½ (88) Khatibi,M (2099)-Firouzja,A (2291) Mashhad 2015}) 16... Bc4 (16... a5 $15) 17. g4 d5 ({Don't play} 17... Bxd3 18. cxd3 O-O 19. Ka1 $16 (19. Rc1 Qb7 $14)) (17... a5 $11) 18. g5 (18. exd5 $14 Bxd5 19. Rhe1) 18... Nxe4 19. Bxe4 dxe4 20. f5 (20. fxe5 $11 Nxe5 21. Ned4) 20... a5 $17 {[%cal Ba6a5,Ba5a4][%mdl 32]} 21. Rd2 a4 22. Nbc1 b3 $2 (22... a3 $17 {stays on course. Strongly threatening ...axb2.} 23. b3 Ba6) 23. cxb3 $16 axb3 24. axb3 Bb5 (24... Bb4 $16 {was called for.} 25. bxc4 Bxd2 26. Bxd2 Qxc4) 25. Nc3 $18 Qb7 (25... Bc6 {might work better.}) 26. Nxb5 Qxb5 27. Qe2 $2 (27. Rhd1 $18 Rc7 28. Rd5) 27... Qa5 $2 (27... Qxe2 $14 28. Nxe2 f6) 28. Rc2 $2 (28. Rhd1 $18 Nb6 29. Bxb6 Qxb6 30. Qxe4) 28... O-O $14 29. Rxc8 ({White should try} 29. Rd1 $1 $14 Nb6 30. Bd2 Rxc2 31. Bxa5 Rxe2 32. Nxe2) 29... Rxc8 $11 30. Rd1 Qc7 31. Na2 Qb7 {[#]} (31... Bc5 $14 32. Nc3 Qb7) 32. Nc3 $2 {[%mdl 8192] [#]} (32. b4 $1 $16 {[%mdl 512] is necessary to keep the advantage.}) 32... Nc5 $4 {[%mdl 8192] [#]} ({Wrong is} 32... Qxb3 $2 33. Rxd7 Rxc3 34. Rxe7 $18) (32... Rxc3 $1 $19 {[%mdl 512] and all is fine.} 33. Rxd7 (33. bxc3 Qxb3+) 33... Qxd7 34. bxc3 Qxf5 {[%mdl 64] Double Attack}) 33. Bxc5 (33. f6 $142 $1 {[%mdl 512]} Bf8 (33... gxf6 34. gxf6) 34. fxg7 Kxg7 35. Qh5) 33... Bxc5 $18 {[#]} 34. Nxe4 ({White must play} 34. g6 $1 $16) 34... Be7 $14 35. f6 Bf8 36. fxg7 {Nf6+ would kill now.} Kxg7 (36... Be7 $14) 37. Nc3 ({Better is} 37. Qd3 $16 Be7 {[#]} 38. Nf6 $1 {[%mdl 512]}) 37... Qxb3 $11 {Hoping for ...Rxc3.} 38. Qxe5+ Kg8 $132 {[%mdl 2048] And now ...Rxc3! would win. Black puts up resistance} 39. Rc1 Bg7 40. Qd5 Qb6 {aiming for ...Bxc3.} 41. Kc2 $2 {[%mdl 8192]} (41. Rf1 $11 Qg6+ 42. Qe4 (42. Ne4 Bxb2 43. Qxf7+ Qxf7 $11)) 41... Rb8 42. b3 {intending Rf1.} Rd8 $2 (42... Rc8 43. Rf1 Rxc3+ 44. Kd1 Qc7 45. Qa8+ Bf8) 43. Qf3 $2 (43. Qc4 Qg6+ 44. Qe4 Qxg5 45. Kb1) 43... Rc8 $19 {Black is clearly winning.} 44. Kb2 Qd4 45. Rc2 Rxc3 {[%mdl 64] Overworked Piece} 46. Rxc3 Qd2+ {[%mdl 64] Double Attack, Pin} 47. Ka3 Bxc3 {Accuracy: White = 22%, Black = 35%.} 0-1

[Event "24th Bosnjaci Open 2019"]
[Site "Bosnjaci"]
[Date "2019.01.07"]
[Round "7.11"]
[White "Klasan, Vladimir"]
[Black "Boban, Sten"]
[Result "1-0"]
[WhiteElo "2364"]
[BlackElo "2105"]
[Annotator "TA"]
[PlyCount "73"]
[EventDate "2019.01.03"]
[EventType "swiss"]
[EventCountry "CRO"]
[SourceTitle "playchess.com"]
[Source "ChessBase"]
[SourceQuality "1"]

{[%evp 9,73,-22,22,25,35,18,18,-26,1,0,23,18,22,25,34,26,32,28,22,20,21,9,41,39,45,15,46,19,41,47,155,108,102,101,103,103,108,97,107,100,127,122,120,127,124,123,131,132,143,124,137,137,353,191,201,184,192,189,172,0,3,12,363,375,421,427]} 1. e4 e5 2. Nf3 Nc6 3. Be2 Nf6 4. d3 d5 5. Nbd2 Bg4 (5... Bc5 6. O-O O-O 7. c3 a5 8. a4 Re8 9. Qc2 h6 10. h3 Be6 11. Re1 d4 12. Nf1 Nd7 13. Ng3 Bf8 14. cxd4 exd4 15. Nd2 Nc5 16. b3 {½-½ (78) Grischuk,A (2761)-Caruana,F (2808) Paris 2017}) 6. c3 {C44: Ponziani Opening and Scotch Gambit} Bd6 7. O-O O-O 8. Qc2 $146 {The position is equal.} ({Predecessor:} 8. h3 Bh5 9. Re1 Bg6 10. Bf1 dxe4 11. dxe4 Qe7 12. Nh4 Rad8 13. Qb3 b6 14. Qa4 Nb8 15. Nxg6 fxg6 16. Qxa7 {0-1 (62) Kun,S (2200)-Csikos,M (2165) Hungary 1999}) 8... Ne7 9. h3 Bxf3 10. Nxf3 c6 11. Re1 Nd7 12. d4 exd4 13. Nxd4 dxe4 14. Qxe4 Re8 15. Qc2 Qa5 16. Bd2 Rad8 17. b4 Qb6 18. Bd3 Nf8 19. Bc4 $36 {[%mdl 2048] White has the initiative.} Bb8 (19... Qc7 $14) 20. Qb3 Nd5 21. Rxe8 Rxe8 22. Bxd5 cxd5 23. Qxd5 Qc7 {[#] ( -> ...Qh2+)} 24. g3 Re5 25. Qf3 {aiming for Bf4.} Ng6 26. Re1 Rxe1+ 27. Bxe1 h6 28. Bd2 Qd7 29. h4 Ne5 30. Qe4 Bd6 $2 (30... Ng4 $16 {might work better.} 31. Qf5 Qxf5 32. Nxf5 Kh7) 31. Nf5 (31. Bf4 $142) 31... Bf8 $18 32. Bxh6 $1 (32. Qxe5 $6 Qxd2 33. a3 Qa2 $16) 32... Qd1+ 33. Kg2 Nd3 34. Bf4 $2 (34. Qxb7 Ne1+ 35. Kh3 Nf3 $17) (34. Bxg7 $18 Bxg7 35. Qe8+ (35. Qxb7 Qe2 $17 {[%mdl 64] Double Attack}) 35... Kh7 36. Qxf7 {[%mdl 64] Double Attack} Qf3+ {[%mdl 64] Decoy} 37. Kxf3 Ne5+ 38. Ke4 Nxf7 39. Nxg7 Kxg7 40. g4) 34... Qc2 35. Qe3 {Threatens to win with Bd6.} Nxf2 $2 {[%mdl 8192]} (35... Qxc3 $11 {and Black is okay.} 36. Bb8 Qc6+ 37. Kg1 Nxb4) 36. Nd4 {[%mdl 64] [#] Zwischenzug} ({Weaker is} 36. Qxf2 Qxf5 37. Qe2 (37. Qxa7 Qe4+ 38. Kh2 Qe2+ 39. Kg1 Qe1+ 40. Kg2 Qe4+ 41. Kg1 Qe1+ 42. Kg2 Qe4+ $11) 37... a5 $14) 36... Qxa2 37. Qxf2 {Accuracy: White = 62%, Black = 31%.} 1-0

[Event "24th Bosnjaci Open 2019"]
[Site "Bosnjaci"]
[Date "2019.01.08"]
[Round "7.12"]
[White "Jelic, Ivan"]
[Black "Sipic, Hrvoje"]
[Result "1/2-1/2"]
[WhiteElo "1937"]
[BlackElo "2213"]
[Annotator "TA"]
[PlyCount "64"]
[EventDate "2019.01.03"]
[EventType "swiss"]
[EventCountry "CRO"]

{[%evp 13,64,12,20,19,10,20,16,-68,-68,-53,-39,-70,-51,-67,-83,-112,-116,-199,0,-83,-89,-101,-81,-91,106,-334,145,150,341,25,324,327,317,295,289,139,113,52,97,41,86,87,95,87,85,83,192,179,179,195,202,0,182]} 1. e4 c5 2. Nf3 d6 3. d4 cxd4 4. Nxd4 Nf6 5. Nc3 g6 6. Bc4 Bg7 7. Bb3 Nc6 {LiveBook: 6 Games. B70: Sicilian Dragon: 6 g3 and 6 Be2 (without a later Be3)} (7... O-O 8. f3 Nc6 9. Be3 Bd7 10. Qd2 Nxd4 11. Bxd4 b5 12. h4 a5 13. a4 bxa4 14. Nxa4 h5 15. Nb6 Ra6 16. Nxd7 Nxd7 17. Bc4 Ra8 18. Bd5 Bxd4 19. Qxd4 Rb8 20. b3 Qc7 21. O-O Nb6 22. Rf2 {½-½ (46) Nepomniachtchi,I (2714)-Grischuk,A (2795) Sochi 2014}) 8. f3 Nxd4 9. Qxd4 O-O 10. Be3 $146 ({White should play} 10. Qf2 $11) ({Predecessor:} 10. Qd3 Be6 11. O-O Nd7 12. Bxe6 fxe6 13. Qc4 Qb6+ 14. Kh1 Kf7 15. Nd1 {½-½ (73) Ashiku,F (2225)-Starostits,I (2477) Durres 2013}) 10... Ng4 $1 $15 11. Qd2 Nxe3 12. Qxe3 Bd7 13. O-O-O b5 {[%cal Bb7b5,Bb5b4][%mdl 32]} 14. h4 b4 15. Nd5 (15. Ne2 $17) 15... a5 $2 (15... e6 $19 16. Nxb4 a5 17. Rxd6 axb4) 16. Nb6 (16. h5 $11) 16... Rb8 $17 17. Nxd7 Qxd7 18. e5 {Strongly threatening e6.} a4 $2 (18... e6 $1 $17 {stays on course.} 19. exd6 (19. Rxd6 Qb5 $15) 19... Rfc8) 19. Bxf7+ $2 {[%mdl 8192]} (19. e6 $16 {is forced if you want to stay better.} Qb5 20. exf7+ Kh8 21. Bd5) 19... Kh8 $2 (19... Kxf7 $19 20. exd6 a3) 20. h5 $1 $36 {[%cal Rh5g6][%mdl 2048] Keeping Black busy.} Rxf7 $2 (20... g5 $16) 21. e6 $2 {[#]} (21. hxg6 $18 Rff8 22. Rxh7+ Kg8 23. Rdh1) 21... Qe8 $2 {[%mdl 8192]} (21... Bh6 $1 $11 {[%mdl 512]} 22. Qxh6 (22. exd7 $2 {loses.} Bxe3+ 23. Kb1 Kg7 $19) 22... Qxe6 23. hxg6 Rg7) 22. exf7 $18 Qxf7 23. hxg6 Qxg6 24. Qd3 (24. Qxe7 $18 {is more deadly.} b3 25. axb3 axb3 26. Qe4 Qxe4 27. fxe4) 24... Qg5+ $16 25. Rd2 (25. f4 $16 Qxf4+ 26. Kb1) 25... h6 26. c4 (26. Re1 $16) 26... bxc3 27. bxc3 Rc8 {[#]} 28. Kd1 $1 Rxc3 {[#]} 29. Qd5 $1 {[%cal Rd5g5] Qxg5 is the strong threat.} Qf6 (29... Be5 $16) 30. Qa8+ $18 Kh7 31. Qe4+ Kg8 32. Qa8+ ({Don't do} 32. Qxa4 $6 Re3 $16) 32... Kh7 $1 {Precision: White = 26%, Black = 35%.} 1/2-1/2

[Event "24th Bosnjaci Open 2019"]
[Site "Bosnjaci"]
[Date "2019.01.07"]
[Round "7.13"]
[White "Ljikar, Zoran"]
[Black "Tomas, Ante"]
[Result "1/2-1/2"]
[WhiteElo "2207"]
[BlackElo "2102"]
[Annotator "TA"]
[PlyCount "29"]
[EventDate "2019.01.03"]
[EventType "swiss"]
[EventCountry "CRO"]
[SourceTitle "playchess.com"]
[Source "ChessBase"]
[SourceQuality "1"]

{[%evp 15,18,-75,-58,-56,-44]} 1. d4 d5 2. Nc3 Nf6 3. Bg5 Nbd7 4. f3 c6 5. e4 dxe4 6. fxe4 e5 7. dxe5 Qa5 {D01: Veresov Opening} (7... Nxe5 8. Qxd8+ Kxd8 9. Nf3 Bd6 10. O-O-O Kc7 11. Nd4 a6 12. Be2 Neg4 13. Rdf1 Nxh2 14. Bf4 Nxf1 15. e5 Bc5 16. exf6+ Kd8 17. Be5 Ng3 {1-0 (52) Garcia Cardenas,P (2454)-Abarca Gonzalez,N (2388) Santiago de Chile 2018}) 8. Qd2 Nxe5 {LiveBook: 8 Games} 9. Nf3 Bb4 {Predecessor:} 10. Bd3 $146 Nfg4 11. h3 Nxf3+ 12. gxf3 Ne5 13. Be2 f6 14. Be3 Be6 15. Rg1 {1-0 (46) Atri,J (2048)-Hinrichs,J (1994) Hamburg 2011} 1/2-1/2

[Event "24th Bosnjaci Open 2019"]
[Site "Bosnjaci"]
[Date "2019.01.08"]
[Round "7.14"]
[White "Lazor, Vladimir"]
[Black "Mutapcic, Ilija"]
[Result "1-0"]
[WhiteElo "2164"]
[BlackElo "1836"]
[Annotator "ChessBase"]
[PlyCount "77"]
[EventDate "2019.01.03"]
[EventType "swiss"]
[EventCountry "CRO"]
[TimeControl "5400+30"]

1. e4 {[%emt 0:00:30]} e5 {[%emt 0:00:30]} 2. Nf3 {[%emt 0:00:00]} Nf6 {[%emt 0:00:00]} 3. Nc3 {[%emt 0:00:00]} Nc6 {[%emt 0:00:00]} 4. Bb5 {[%emt 0:00:30]} Bb4 {[%emt 0:00:30]} 5. d3 {[%emt 0:00:30]} Nd4 {[%emt 0:02:30]} 6. Ba4 {[%emt 0:10:30]} b5 {[%emt 0:07:30]} 7. Bb3 {[%emt 0:00:00]} d6 {[%emt 0:00:30]} 8. h3 {[%emt 0:00:00]} h6 {[%emt 0:00:30]} 9. O-O {[%emt 0:03:30]} Nxb3 {[%emt 0:00:30]} 10. axb3 {[%emt 0:00:30]} Bxc3 {[%emt 0:00:30]} 11. bxc3 {[%emt 0:00:30]} O-O {[%emt 0:00:30]} 12. c4 {[%emt 0:04:30]} b4 {[%emt 0:02:30]} 13. c5 {[%emt 0:01:30]} Re8 {[%emt 0:00:30]} 14. Bb2 {[%emt 0:01:30]} Bb7 {[%emt 0:02:30]} 15. Ra5 {[%emt 0:07:30]} Nd7 {[%emt 0:01:30]} 16. cxd6 {[%emt 0:01:30]} cxd6 {[%emt 0:01:30]} 17. Qa1 {[%emt 0:00:30]} a6 {[%emt 0:01:30]} 18. Nd2 {[%emt 0:05:30]} f6 {[%emt 0:02:30]} 19. Nc4 {[%emt 0:04:30]} Nb6 {[%emt 0:02:30]} 20. Ne3 {[%emt 0:00:30]} Rc8 {[%emt 0:01:30]} 21. Qd1 {[%emt 0:04:30]} Nd7 {[%emt 0:06:30]} 22. Ra4 {[%emt 0:02:30]} a5 {[%emt 0:01:30]} 23. Qg4 {[%emt 0:00:00]} Kh7 {[%emt 0:00:30]} 24. Nf5 {[%emt 0:02:00]} Rg8 {[%emt 0:00:30]} 25. Nxd6 {[%emt 0:15:30]} Bc6 {[%emt 0:00:30]} 26. Ra2 {[%emt 0:01:30]} Ra8 {[%emt 0:00:30]} 27. Rfa1 {[%emt 0:03:30]} Nc5 {[%emt 0:01:30]} 28. Nf5 {[%emt 0:01:30]} Bd7 {[%emt 0:00:30]} 29. Bc1 {[%emt 0:03:30]} Ne6 {[%emt 0:10:30]} 30. Qh4 {[%emt 0:02:30]} Ng5 {[%emt 0:01:30]} 31. Bxg5 {[%emt 0:01:30]} fxg5 {[%emt 0:00:30]} 32. Qg3 {[%emt 0:00:30]} g6 {[%emt 0:05:30]} 33. Ne3 {[%emt 0:00:30]} Re8 {[%emt 0:00:30]} 34. Nc4 {[%emt 0:00:00]} h5 {[%emt 0:01:30]} 35. Rxa5 {[%emt 0:04:09]} Rxa5 {[%emt 0:00:30]} 36. Rxa5 {[%emt 0:00:21]} h4 {[%emt 0:00:30]} 37. Qf3 {[%emt 0:00:30]} Be6 {[%emt 0:01:30]} 38. Ra7+ {[%emt 0:01:37]} Re7 {[%emt 0:01:30]} 39. Qf6 {[%emt 0:01:24]} 1-0

[Event "24th Bosnjaci Open 2019"]
[Site "Bosnjaci"]
[Date "2019.01.08"]
[Round "7.15"]
[White "Borzan, Andrej"]
[Black "Katic, Zeljko"]
[Result "1/2-1/2"]
[WhiteElo "1818"]
[BlackElo "2035"]
[Annotator "NA"]
[PlyCount "150"]
[EventDate "2019.01.03"]
[EventType "swiss"]
[EventCountry "CRO"]
[TimeControl "5400+30"]

1. d4 {[%emt 0:00:30]} Nf6 {[%emt 0:03:30]} 2. Nf3 {[%emt 0:00:00]} g6 {[%emt 0:00:30]} 3. Bf4 {[%emt 0:00:00]} Bg7 {[%emt 0:00:30]} 4. e3 {[%emt 0:00:30]} d6 {[%emt 0:00:30]} 5. c4 {[%emt 0:00:30]} O-O {[%emt 0:00:30]} 6. Nc3 {[%emt 0:00:00]} Re8 {[%emt 0:03:30]} 7. Be2 {[%emt 0:01:00]} Nbd7 {[%emt 0:04:30]} 8. O-O {[%emt 0:01:30]} Nh5 {[%emt 0:00:30]} 9. Bg3 {[%emt 0:00:30]} Nxg3 {[%emt 0:01:30]} 10. hxg3 {[%emt 0:00:30]} e5 {[%emt 0:02:30]} 11. d5 {[%emt 0:02:30]} e4 {[%emt 0:07:30]} 12. Nd4 {[%emt 0:01:30]} a6 {[%emt 0:04:30]} 13. Qc2 {[%emt 0:00:30]} Nf6 {[%emt 0:02:30]} 14. Rad1 {[%emt 0:02:30]} Qe7 {[%emt 0:04:30]} 15. Rfe1 {[%emt 0:02:30]} h5 {[%emt 0:01:30]} 16. b4 {[%emt 0:03:30]} Qe5 {[%emt 0:05:30]} 17. Rc1 {[%emt 0:02:30]} Qg5 {[%emt 0:01:30]} 18. Bf1 {[%emt 0:01:30]} h4 {[%emt 0:01:30]} 19. gxh4 {[%emt 0:01:30]} Qxh4 {[%emt 0:01:30]} 20. g3 {[%emt 0:02:30]} Qg5 {[%emt 0:05:30]} 21. Bg2 {[%emt 0:01:30]} Bf5 {[%emt 0:01:30]} 22. Nxf5 {[%emt 0:02:30]} gxf5 {[%emt 0:00:30]} 23. Ne2 {[%emt 0:00:30]} Ng4 {[%emt 0:00:30]} 24. Nf4 {[%emt 0:00:30]} Be5 {[%emt 0:02:30]} 25. Bh3 {[%emt 0:03:30]} Nf6 {[%emt 0:00:30]} 26. Qd2 {[%emt 0:01:30]} Kg7 {[%emt 0:08:30]} 27. c5 {[%emt 0:01:30]} Rh8 {[%emt 0:01:30]} 28. Bg2 {[%emt 0:00:30]} Rh7 {[%emt 0:04:30]} 29. cxd6 {[%emt 0:01:30]} cxd6 {[%emt 0:00:30]} 30. Rc7 {[%emt 0:00:30]} Rah8 {[%emt 0:00:30]} 31. Ne6+ {[%emt 0:00:00]} Kg6 {[%emt 0:01:30]} 32. Nxg5 {[%emt 0:00:00]} Kxg5 {[%emt 0:00:00]} 33. Rxb7 {[%emt 0:00:00]} Ng4 {[%emt 0:01:00]} 34. Ra7 {[%emt 0:02:00]} Nh2 {[%emt 0:00:30]} 35. Qe2 {[%emt 0:01:30]} Kf6 {[%emt 0:02:30]} 36. Rc1 {[%emt 0:01:30]} Rg8 {[%emt 0:02:30]} 37. Rcc7 {[%emt 0:01:30]} Rgg7 {[%emt 0:01:30]} 38. Qxa6 {[%emt 0:00:30]} Nf3+ {[%emt 0:01:30]} 39. Kf1 {[%emt 0:03:30]} Rh2 {[%emt 0:04:03]} 40. Bxf3 {[%emt 0:00:30]} exf3 {[%emt 0:00:10]} 41. Rxf7+ {[%emt 0:00:30]} Rxf7 {[%emt 0:00:22]} 42. Rxf7+ {[%emt 0:00:00]} Kxf7 {[%emt 0:00:25]} 43. Kg1 {[%emt 0:00:00]} Rg2+ {[%emt 0:00:37]} 44. Kf1 {[%emt 0:00:00]} Rh2 {[%emt 0:00:23]} 45. Ke1 {[%emt 0:00:00]} Bc3+ {[%emt 0:00:30]} 46. Kd1 {[%emt 0:00:00]} Rxf2 {[%emt 0:01:49]} 47. Qxd6 {[%emt 0:01:00]} Rd2+ {[%emt 0:00:42]} 48. Kc1 {[%emt 0:00:00]} f2 {[%emt 0:00:44]} 49. Qe6+ {[%emt 0:00:00]} Kg7 {[%emt 0:03:29]} 50. Qd7+ {[%emt 0:00:30]} Kg6 {[%emt 0:01:07]} 51. Qc6+ {[%emt 0:00:00]} Bf6 {[%emt 0:00:18]} 52. Kxd2 {[%emt 0:01:00]} f1=Q {[%emt 0:00:24]} 53. b5 {[%emt 0:00:30]} Qf2+ {[%emt 0:00:26]} 54. Kd3 {[%emt 0:00:30]} Qxa2 {[%emt 0:00:22]} 55. b6 {[%emt 0:00:30]} Qb3+ {[%emt 0:00:24]} 56. Ke2 {[%emt 0:00:30]} Kg5 {[%emt 0:00:52]} 57. b7 {[%emt 0:01:30]} Be5 {[%emt 0:01:15]} 58. d6 {[%emt 0:01:30]} Bxg3 {[%emt 0:03:15]} 59. d7 {[%emt 0:00:30]} Qb2+ {[%emt 0:00:39]} 60. Kd3 {[%emt 0:00:30]} Qb3+ {[%emt 0:00:26]} 61. Kd2 {[%emt 0:14:30]} Qb2+ {[%emt 0:00:34]} 62. Kd1 {[%emt 0:02:30]} Qb1+ {[%emt 0:00:29]} 63. Qc1 {[%emt 0:00:30]} Qd3+ {[%emt 0:00:48]} 64. Qd2 {[%emt 0:00:30]} Qb1+ {[%emt 0:00:16]} 65. Ke2 {[%emt 0:01:30]} Qb5+ {[%emt 0:01:14]} 66. Kf3 {[%emt 0:00:30]} Bc7 {[%emt 0:01:00]} 67. d8=Q+ {[%emt 0:00:30]} Bxd8 {[%emt 0:01:06]} 68. Qxd8+ {[%emt 0:00:30]} Kh5 {[%emt 0:00:15]} 69. b8=Q {[%emt 0:00:30]} Qf1+ {[%emt 0:00:13]} 70. Kg3 {[%emt 0:00:00]} Qg1+ {[%emt 0:03:05]} 71. Kf4 {[%emt 0:01:00]} Qf2+ {[%emt 0:00:22]} 72. Ke5 {[%emt 0:00:00]} Qxe3+ {[%emt 0:00:40]} 73. Kxf5 {[%emt 0:00:00]} Qf3+ {[%emt 0:01:17]} 74. Qf4 {[%emt 0:00:30]} Qd5+ {[%emt 0:00:12]} 75. Qe5 {[%emt 0:01:30]} Qxd8 {[%emt 0:00:26]} 1/2-1/2

[Event "24th Bosnjaci Open 2019"]
[Site "Bosnjaci"]
[Date "2019.01.08"]
[Round "7.16"]
[White "Andrijevic, Milan"]
[Black "Turicar, Goran"]
[Result "1-0"]
[WhiteElo "2244"]
[BlackElo "1862"]
[Annotator "ChessBase"]
[PlyCount "93"]
[EventDate "2019.01.03"]
[EventType "swiss"]
[EventCountry "CRO"]
[TimeControl "5400+30"]

1. e4 {[%emt 0:00:30]} d6 {[%emt 0:00:30]} 2. d4 {[%emt 0:00:30]} Nf6 {[%emt 0:00:30]} 3. Nc3 {[%emt 0:00:00]} Nbd7 {[%emt 0:00:30]} 4. g3 {[%emt 0:01:00]} e5 {[%emt 0:00:30]} 5. Nge2 {[%emt 0:00:30]} Be7 {[%emt 0:00:30]} 6. Bg2 {[%emt 0:00:00]} O-O {[%emt 0:00:30]} 7. O-O {[%emt 0:00:00]} c6 {[%emt 0:02:30]} 8. a4 {[%emt 0:00:30]} a5 {[%emt 0:01:30]} 9. h3 {[%emt 0:02:30]} Re8 {[%emt 0:03:30]} 10. Be3 {[%emt 0:07:30]} Bf8 {[%emt 0:03:30]} 11. g4 {[%emt 0:01:30]} exd4 {[%emt 0:14:30]} 12. Bxd4 {[%emt 0:01:30]} c5 {[%emt 0:04:30]} 13. Be3 {[%emt 0:01:30]} Ne5 {[%emt 0:00:30]} 14. g5 {[%emt 0:03:30]} Nh5 {[%emt 0:04:30]} 15. f4 {[%emt 0:08:30]} Nc4 {[%emt 0:01:30]} 16. Bc1 {[%emt 0:04:30]} Bd7 {[%emt 0:05:30]} 17. Kh2 {[%emt 0:09:30]} Bc6 {[%emt 0:02:30]} 18. Nd5 {[%emt 0:21:30]} Nb6 {[%emt 0:20:30]} 19. Nec3 {[%emt 0:00:30]} g6 {[%emt 0:00:30]} 20. Bf3 {[%emt 0:00:30]} Bxd5 {[%emt 0:00:30]} 21. Nxd5 {[%emt 0:00:30]} Nxd5 {[%emt 0:00:30]} 22. Qxd5 {[%emt 0:01:30]} Ng7 {[%emt 0:01:30]} 23. Qxb7 {[%emt 0:00:00]} Rb8 {[%emt 0:00:30]} 24. Qd5 {[%emt 0:00:00]} Ne6 {[%emt 0:00:30]} 25. c3 {[%emt 0:00:30]} Rb6 {[%emt 0:00:30]} 26. Bg2 {[%emt 0:00:30]} Bg7 {[%emt 0:01:30]} 27. Kh1 {[%emt 0:00:30]} Nc7 {[%emt 0:00:30]} 28. Qc4 {[%emt 0:00:30]} Qe7 {[%emt 0:01:30]} 29. Rb1 {[%emt 0:00:30]} Reb8 {[%emt 0:00:30]} 30. Rf2 {[%emt 0:00:30]} Rb3 {[%emt 0:00:30]} 31. Ra1 {[%emt 0:00:30]} R3b6 {[%emt 0:02:30]} 32. Ra2 {[%emt 0:01:30]} Rd8 {[%emt 0:02:30]} 33. Be3 {[%emt 0:02:30]} Rbb8 {[%emt 0:01:30]} 34. Ra1 {[%emt 0:01:30]} Bf8 {[%emt 0:00:30]} 35. Qd3 {[%emt 0:04:30]} Re8 {[%emt 0:01:30]} 36. Re1 {[%emt 0:00:30]} Rbd8 {[%emt 0:01:30]} 37. Qc4 {[%emt 0:02:30]} Qd7 {[%emt 0:00:30]} 38. Rd2 {[%emt 0:03:30]} Qe7 {[%emt 0:03:49]} 39. Rdd1 {[%emt 0:01:30]} Rb8 {[%emt 0:00:10]} 40. Bc1 {[%emt 0:00:00]} h6 {[%emt 0:00:40]} 41. Rf1 {[%emt 0:01:00]} Red8 {[%emt 0:01:14]} 42. f5 {[%emt 0:00:30]} hxg5 {[%emt 0:04:18]} 43. fxg6 {[%emt 0:00:30]} d5 {[%emt 0:00:11]} 44. gxf7+ {[%emt 0:00:52]} Kg7 {[%emt 0:00:53]} 45. exd5 {[%emt 0:00:21]} Qe5 {[%emt 0:02:04]} 46. Qg4 {[%emt 0:01:14]} Be7 {[%emt 0:02:53]} 47. Bf4 {[%emt 0:00:24]} 1-0

[Event "24th Bosnjaci Open 2019"]
[Site "Bosnjaci"]
[Date "2019.01.08"]
[Round "7.17"]
[White "Ascic, Anto"]
[Black "Luketic, Ivan"]
[Result "1-0"]
[WhiteElo "2093"]
[BlackElo "1801"]
[Annotator "NA"]
[PlyCount "85"]
[EventDate "2019.01.03"]
[EventType "swiss"]
[EventCountry "CRO"]
[TimeControl "5400+30"]

1. e4 {[%emt 0:00:30]} c5 {[%emt 0:00:30]} 2. Nf3 {[%emt 0:00:00]} Nc6 {[%emt 0:00:00]} 3. c4 {[%emt 0:00:00]} e5 {[%emt 0:01:00]} 4. Nc3 {[%emt 0:00:30]} Nf6 {[%emt 0:00:30]} 5. d3 {[%emt 0:00:00]} d6 {[%emt 0:00:30]} 6. Be2 {[%emt 0:00:00]} Be7 {[%emt 0:00:30]} 7. O-O {[%emt 0:00:30]} O-O {[%emt 0:02:30]} 8. a3 {[%emt 0:00:00]} Bg4 {[%emt 0:00:00]} 9. Rb1 {[%emt 0:00:00]} a6 {[%emt 0:00:00]} 10. Nd5 {[%emt 0:00:30]} Nxd5 {[%emt 0:02:30]} 11. cxd5 {[%emt 0:00:30]} Bxf3 {[%emt 0:00:30]} 12. Bxf3 {[%emt 0:00:30]} Nd4 {[%emt 0:00:30]} 13. b4 {[%emt 0:00:30]} b5 {[%emt 0:00:30]} 14. Be3 {[%emt 0:00:30]} Bg5 {[%emt 0:01:30]} 15. Bg4 {[%emt 0:02:30]} Ra7 {[%emt 0:00:30]} 16. Qc1 {[%emt 0:00:30]} Be7 {[%emt 0:01:30]} 17. f4 {[%emt 0:02:30]} Rc7 {[%emt 0:01:30]} 18. Qd2 {[%emt 0:00:30]} c4 {[%emt 0:00:30]} 19. Bxd4 {[%emt 0:00:30]} exd4 {[%emt 0:01:30]} 20. dxc4 {[%emt 0:00:30]} Bf6 {[%emt 0:00:30]} 21. c5 {[%emt 0:03:30]} g6 {[%emt 0:03:30]} 22. cxd6 {[%emt 0:00:30]} Qxd6 {[%emt 0:03:30]} 23. e5 {[%emt 0:00:30]} Bxe5 {[%emt 0:00:30]} 24. fxe5 {[%emt 0:00:30]} Qxe5 {[%emt 0:00:30]} 25. Rbd1 {[%emt 0:01:30]} Qxd5 {[%emt 0:01:30]} 26. Qxd4 {[%emt 0:00:30]} Qg5 {[%emt 0:01:30]} 27. Qf4 {[%emt 0:01:30]} Qxf4 {[%emt 0:02:30]} 28. Rxf4 {[%emt 0:00:30]} f5 {[%emt 0:00:30]} 29. Bf3 {[%emt 0:00:30]} Rc3 {[%emt 0:02:30]} 30. Bd5+ {[%emt 0:01:30]} Kg7 {[%emt 0:00:00]} 31. Rf3 {[%emt 0:00:00]} Rc7 {[%emt 0:02:00]} 32. Rfd3 {[%emt 0:00:00]} Rf6 {[%emt 0:00:30]} 33. Bf3 {[%emt 0:00:30]} Rff7 {[%emt 0:02:30]} 34. Rd6 {[%emt 0:01:30]} Rfe7 {[%emt 0:00:30]} 35. Rxa6 {[%emt 0:00:30]} Re3 {[%emt 0:01:30]} 36. Bc6 {[%emt 0:02:30]} Kh6 {[%emt 0:01:30]} 37. Bxb5 {[%emt 0:00:00]} Rc2 {[%emt 0:00:00]} 38. Bf1 {[%emt 0:01:00]} f4 {[%emt 0:00:00]} 39. Rf6 {[%emt 0:00:30]} Kg5 {[%emt 0:00:30]} 40. Rf7 {[%emt 0:00:30]} Rxa3 {[%emt 0:01:30]} 41. Rd5+ {[%emt 0:02:30]} Kg4 {[%emt 0:00:30]} 42. h3+ {[%emt 0:00:30]} Rxh3 {[%emt 0:01:30]} 43. gxh3+ {[%emt 0:00:00]} 1-0